000
00280nam a22001097a 4500
008
170111b xxu||||| |||| 00| 0 eng d
020
_a
9780801632488
041
_a
eng
080
_a
618.2
245
_a
PAIN/ CLINICAL MANUAL FOR NURSING PRACTICE
_c
MCCAFFERY & BEEBE
942
_2
udc
_c
BK
999
_c
2730
_d
2730